| 000 | 00684nam a2200229 4500 | ||
|---|---|---|---|
| 003 | AR-RoBPED | ||
| 005 | 20260410154428.0 | ||
| 008 | 260410s2025 es ||||er|||| 000 1 spa d | ||
| 020 | _a97884339880496 | ||
| 040 | _aAR-RoBPED | ||
| 041 | _aspa | ||
| 100 |
_aVigan, Delphine de _d1966- _927430 |
||
| 245 | 1 | 4 |
_aLas lealtades / _cDelphine de Vigan; traducción de Javier Albiñana. |
| 250 | _a11a. ed. | ||
| 260 |
_aBarcelona : _bAnagrama, _c2025. |
||
| 300 | _a200 p. | ||
| 650 | 4 |
_aLITERATURA FRANCESA _9393 |
|
| 650 | 4 |
_aNOVELAS _925 |
|
| 700 | 1 |
_aAlbiñana, Javier _927932 _etrad. |
|
| 942 |
_2udc _ak. 32548 _cBK _h840-31 _mVi 63 l _ninv. 42396 |
||
| 945 | _acd 10/04/2026 - | ||
| 999 |
_c32548 _d32548 |
||